<?xml version="1.0" encoding="UTF-8"?>
<record
    xmlns:xsi="http://www.w3.org/2001/XMLSchema-instance"
    xsi:schemaLocation="http://www.loc.gov/MARC21/slim http://www.loc.gov/standards/marcxml/schema/MARC21slim.xsd"
    xmlns="http://www.loc.gov/MARC21/slim">

  <leader>00934nam a22002171  4500</leader>
  <controlfield tag="001">gs 14000755 </controlfield>
  <controlfield tag="003">DLC</controlfield>
  <controlfield tag="005">20260227111316.0</controlfield>
  <controlfield tag="008">900621s1905    io bf    b    00010 fre c</controlfield>
  <datafield tag="010" ind1=" " ind2=" ">
    <subfield code="a">gs 14000755 //r90</subfield>
  </datafield>
  <datafield tag="040" ind1=" " ind2=" ">
    <subfield code="a">U.S. Geol. Survey Libr./ICU</subfield>
    <subfield code="c">ICU</subfield>
  </datafield>
  <datafield tag="043" ind1=" " ind2=" ">
    <subfield code="a">a-io---</subfield>
  </datafield>
  <datafield tag="050" ind1="0" ind2="0">
    <subfield code="a">QE301.A5</subfield>
    <subfield code="b">V4</subfield>
  </datafield>
  <datafield tag="100" ind1="1" ind2="0">
    <subfield code="a">Verbeek, R. D. M.</subfield>
    <subfield code="q">(Rogier Diederik Marius),</subfield>
    <subfield code="d">1845-1926.</subfield>
  </datafield>
  <datafield tag="245" ind1="1" ind2="0">
    <subfield code="a">Description g&#xE9;ologique de l'&#xEE;le d'Ambon,</subfield>
    <subfield code="c">par R.D.M. Verbeek ...</subfield>
  </datafield>
  <datafield tag="260" ind1="0" ind2=" ">
    <subfield code="a">Batavia,</subfield>
    <subfield code="b">Impr. de l'&#xC9;tat,</subfield>
    <subfield code="c">1905.</subfield>
  </datafield>
  <datafield tag="300" ind1=" " ind2=" ">
    <subfield code="a">xxi p., 1 l., 323 p.</subfield>
    <subfield code="b">plates (1 fold.)</subfield>
    <subfield code="c">25 cm.</subfield>
    <subfield code="e">and fold. col. maps, fold. profiles (part col.) in portfolio. 51 x 35 cm.</subfield>
  </datafield>
  <datafield tag="500" ind1=" " ind2=" ">
    <subfield code="a">"&#xC9;dition fran&#xE7;aise du Jaarboek van het mijnwezen in Nederlandsch Oost-Indi&#xEB;, tome xxxiv, 1905, partie scientifique."</subfield>
  </datafield>
  <datafield tag="504" ind1=" " ind2=" ">
    <subfield code="a">"Bibliographie relative &#xE0; la g&#xE9;ologie et la topographie d'Ambon": p. [23]-27.</subfield>
  </datafield>
  <datafield tag="650" ind1=" " ind2="0">
    <subfield code="a">Geology</subfield>
    <subfield code="z">Indonesia</subfield>
    <subfield code="z">Ambon.</subfield>
  </datafield>
  <datafield tag="999" ind1=" " ind2=" ">
    <subfield code="c">25427</subfield>
    <subfield code="d">25427</subfield>
  </datafield>
</record>
